[Event "DRUGA LIGA CENTRALNE SRBIJE 2013 - Istok"]
[Site "Zajecar"]
[Date "2013.10.11"]
[Round "2.58"]
[White "Dubravcic, Nikola **"]
[Black "Mijajlovic, Jovan **"]
[Result "1-0"]
[WhiteElo "1658"]
[BlackElo "1538"]
[PlyCount "0"]
[EventDate "2013.10.10"]

1.e4 c5 2.Nf3 e6 3.c3 Nf6 4.d3 Nc6 5.Be2 Qc7 6.O-O b6 7.Na3 a6
8.Qc2 Bb7 9.d4 cxd4 10.cxd4 Rc8 11.Bg5 Be7 12.Rac1 d5 13.e5 Ne4
14.Bxe7 Qxe7 15.Qb3 b5 16.Nb1 O-O 17.Rfd1 f6 18.Nc3 Na5 19.exf6
Rxf6 20.Nxd5 exd5 21.Rxc8+ Bxc8 22.Qxd5+ Qe6 23.Qd8+ Rf8 24.Qxa5
Bb7 25.Qc7 Nd6 26.Ne5 Qf6 27.Bf3 Rc8 28.Qa5 Bxf3 29.Nxf3 Nc4
30.Qb4 Re8 31.b3 Nd6 32.Re1 Rc8 33.Qd2 Nf5 34.Qe2 Rd8 35.h3 Nxd4
36.Nxd4 Qxd4 37.Qe6+ Kf8 38.Qe7+ Kg8 39.Qe6+ Kf8 40.Qxa6 Qd2
41.Re3 Qd1+ 42.Kh2 Qd6+ 43.Qxd6+ Rxd6 44.Re5 b4 45.Rb5 Rd4 46.Kg3
Ke7 47.Kf3 Kf6 48.Ke3 Rh4 49.Rc5 g5 50.Rc4 Ke5 51.Rxh4 gxh4 52.g4
hxg3 53.fxg3 h6 54.Kd3 Kd5 55.g4 Ke5 56.Kc4 Kf4 57.Kxb4 Kg3 58.a4
Kxh3 59.a5 1-0

[Event "DRUGA LIGA CENTRALNE SRBIJE 2013 - Istok"]
[Site "Zajecar"]
[Date "2013.10.11"]
[Round "2.64"]
[White "Dragic, Vladimir"]
[Black "Vranjanac, Cedomir"]
[Result "1-0"]
[WhiteElo "2145"]
[BlackElo "1825"]
[PlyCount "0"]
[EventDate "2013.10.10"]

1.d4 e6 2.e4 g6 3.Nc3 Bg7 4.h4 Nc6 5.Be3 f5 6.Qd2 fxe4 7.Nxe4
Nf6 8.Nxf6+ Bxf6 9.Nf3 d6 10.O-O-O Bd7 11.h5 gxh5 12.Rxh5 Qe7
13.Bd3 Qg7 14.Rdh1 Qxg2 15.Ng5 Qd5 16.c4 Qa5 17.Bg6+ Kd8 18.Nf7+
Kc8 19.Rxa5 1-0

[Event "DRUGA LIGA CENTRALNE SRBIJE 2013 - Istok"]
[Site "Zajecar"]
[Date "2013.10.11"]
[Round "2.65"]
[White "Zlatanovic, Jovana **"]
[Black "Floricelovic, Milos *"]
[Result "1/2-1/2"]
[WhiteElo "1707"]
[BlackElo "2042"]
[PlyCount "0"]
[EventDate "2013.10.10"]

1.e4 c5 2.Nf3 e6 3.d3 Nc6 4.g3 d6 5.Bg2 Nf6 6.O-O Be7 7.Re1 e5
8.c3 O-O 9.a3 Bg4 10.h3 Bh5 11.b4 a6 12.Nbd2 Rc8 13.Qb3 b6 14.Nf1
Qd7 15.Kh2 Ne8 16.Ne3 Nc7 17.g4 Bg6 18.Nf5 Kh8 19.N3h4 Ne6 20.Nf3
f6 21.Be3 Rb8 22.d4 Ng5 23.Bxg5 fxg5 24.d5 Nd8 25.bxc5 dxc5 26.Kg1
Bf6 27.Qc4 a5 28.Bf1 Nf7 29.Qb5 Qc7 30.Rad1 Bxf5 31.gxf5 Nd6
32.Qe2 1/2-1/2